| 000 | 01474nam a2200409 i 4500 | ||
|---|---|---|---|
| 001 | 23927 | ||
| 003 | KOSZ 005 | ||
| 005 | 20200525103739.0 | ||
| 008 | 990909s1987 pl f |000 0 pol d | ||
| 040 |
_cKOSZ 005 _aKOSZ 005 _dKOSZ 005/HR |
||
| 041 | _apol | ||
| 046 | _k1987 | ||
| 080 | _a624.04 | ||
| 080 | _a539.3/.6 | ||
| 080 | _a519.61/.64 | ||
| 100 | 1 |
_aKleiber, Michał _d(1946- ) _eAutor |
|
| 245 | 1 | 0 |
_aNumeryczna analiza statycznych i dynamicznych zagadnień stateczności konstrukcji / _cMichał Kleiber. |
| 260 |
_aPoznań : _bPolitechnika Poznańska, _c1987. |
||
| 300 |
_a54 s. : _bil. ; _c24 cm. |
||
| 336 |
_2rdacontent _aTekst _btxt |
||
| 337 |
_2rdamedia _aBez urządzenia pośredniczącego _bn |
||
| 338 |
_2rdacarrier _aWolumin _bnc |
||
| 380 | _aKsiążki | ||
| 380 | _aPublikacje dydaktyczne | ||
| 385 |
_mPoziom nauczania _aSzkoły wyższe |
||
| 388 | _a1901-2000 | ||
| 388 | _a1945-1989 | ||
| 490 |
_aMateriały dla Studiów Doktoranckich i Podyplomowych / Politechnika Poznańska, _vnr 16 |
||
| 650 | 4 | _aAnaliza numeryczna | |
| 650 | 4 | _aKonstrukcje | |
| 650 | 4 | _aMechanika | |
| 650 | 4 | _aNaprężenia i odkształcenia | |
| 658 | _aInżynieria i technika | ||
| 830 |
_aMateriały dla Studiów Doktoranckich i Podyplomowych - Politechnika Poznańska, _vnr 16 |
||
| 856 |
_uhttp://koha.tu.koszalin.pl/cgi-bin/koha/opac-detail.pl?biblionumber=23927 _yKatalog online BPK |
||
| 942 |
_cKS _2UKD |
||
| 999 |
_c23927 _d23927 |
||